Dobrú firmu od zlej odlišuje systém a poriadok

Chyby podnikov a ich zadlžovanie a existenčné problémy. Kroky pre záchranu oslabených firiem. Znižovanie nákladov a prepúšťanie nadbytočných zamestnancov. Krízový manažment.

Na minha lista:
Detalhes bibliográficos
Autor principal: Haluza, Ivan
Outros Autores: Ondro, Peter
Formato: Capítulo de Livro
Idioma:eslovaco
Assuntos:
Tags: Adicionar Tag
Sem tags, seja o primeiro a adicionar uma tag!

MARC

LEADER 00000naa a2200000 4500
001 0237262
005 20171113103034.7
041 0 |a slo 
044 |a SK 
245 1 0 |a Dobrú firmu od zlej odlišuje systém a poriadok  |c Ivan Haluza, Peter Ondro 
520 |a Chyby podnikov a ich zadlžovanie a existenčné problémy. Kroky pre záchranu oslabených firiem. Znižovanie nákladov a prepúšťanie nadbytočných zamestnancov. Krízový manažment. 
610 2 0 |a riadenie podnikové 
610 2 0 |a kríza podniku 
610 2 0 |a manažment krízový 
100 1 |a Haluza, Ivan 
700 1 |a Ondro, Peter